000 00879nas a2200277 4500
001 BR0001435
003 BR-BrBNA
005 20231205101750.0
007 ta
008 230509b bl.|||p| |||| 00| 00por d
040 _aBR-BrBNA
_bpor
_cBiblioteca Nacional de Agricultura
041 _a(Pt)
072 _aP40; U10
100 1 _aSilva, D.D.
100 1 _aPinto, F.R.L.
100 1 _aFruski, F.F.
100 1 _aPinto, F.A.
245 1 _aEstimativa e espacializacao dos parametros da equacao de intensidade-duracao-frequencia da precipitacao para o Rio de Janeiro e o Espirito Santo
650 _aChuva
650 _aModelo Matematico
650 _aRio de Janeiro
650 _aEspirito Santo
773 0 _tEngenharia Agricola (Brazil)
_xISSN 0100-6916
_g(Mar 1999), v. 18(3) p. 11-21
_wBR0001435
909 _a202311
_bLúcia
_c55
_dLúcia Elande
942 _2AGRIS
_n0
_cANA
999 _c163748
_d163748